Математика и действительность (Запись № 30287)

Подробности
000 -МАРКЕР
контрольное поле 00566nam a22001931i 4500
001 - КОНТРОЛЬНЫЙ НОМЕР ЗАПИСИ
контрольное поле 000030287
003 - ПРИНАДЛЕЖНОСТЬ КОНТРОЛЬНОГО НОМЕРА
контрольное поле RuMoIPM
005 - ДАТА И ВРЕМЯ ПОСЛЕДНЕЙ ТРАНЗАКЦИИ
контрольное поле 20260413110552.0
008 - ЭЛЕМЕНТЫ ДАННЫХ ФИКСИРОВАННОЙ ДЛИНЫ
контрольное поле 130416s1967----ru | c rus
040 ## - ОРГАНИЗАЦИЯ-СОЗДАТЕЛЬ ЗАПИСИ
организация-создатель исходной библиографической записи RuMoIPM
язык каталогизации rus
правила каталогизации rcr
041 0# - КОД ЯЗЫКА
код языка текста Русский
080 ## - ИНДЕКС УНИВЕРСАЛЬНОЙ ДЕСЯТИЧНОЙ КЛАССИФИКАЦИИ
индекс Универсальной десятичной классификации 51:1
100 1# - ИМЯ ЛИЦА КАК ОСНОВНОЙ ПОИСКОВЫЙ ПРИЗНАК
имя лица Киселева, Нина Александровна
245 1# - ОБЛАСТЬ ЗАГЛАВИЯ И СВЕДЕНИЙ ОБ ОТВЕТСТВЕННОСТИ
заглавие Математика и действительность
сведения об ответственности и т. д Н. А. Киселева
260 ## - ОБЛАСТЬ ВЫХОДНЫХ ДАННЫХ
место публикации, распространения, изготовления и т. д Москва
издательство, издатель, распространитель и т. д Изд-во МГУ
дата издания, распространения и т. д 1967
300 ## - ОБЛАСТЬ КОЛИЧЕСТВЕННОЙ ХАРАКТЕРИСТИКИ
объём 124 с.
504 ## - ПРИМЕЧАНИЕ О НАЛИЧИИ БИБЛИОГРАФИЧЕСКИХ ПЕРЕЧНЕЙ И ССЫЛОК
текст примечания Библиогр.: с. 118-123
942 ## - ДАННЫЕ О ЗАПИСИ (KOHA)
Тип экземпляра (KOHA) Книга
Экземпляры
Статус выдачи Библиотека держатель Текущая библиотека Местонахождение Шифр хранения Тип экземпляра
  Институт прикладной математики им. М.В. Келдыша Институт прикладной математики им. М.В. Келдыша Миусская 51 / К 44 Книга